[Event "french defence"]
[Site "SchemingMind.com"]
[Date "2006.01.05"]
[Round "-"]
[White "Erhaem"]
[Black "mikhailtal"]
[Result "1-0"]
[WhiteCountry "NED"]
[BlackCountry "ENG"]
[WhiteElo "1988"]
[WhiteRD "55"]
[BlackElo "1791"]
[BlackRD "61"]
[GameID "35272"]

1. e4 e6 2. d4 d5 3. Nc3 Bb4 4. e5 b6 5. a3 Bf8 6. Nf3 Ba6 7. Bxa6 Nxa6 8. Qd3 Nb8 9. O-O Ne7 10. Bg5 Qd7
11. b4 Nbc6 12. b5 Nd8 13. a4 Nb7 14. Bd2 Ng6 15. Ne2 Be7 16. c4 dxc4 17. Qxc4 O-O 18. Rac1 Rac8 19. h3 Rfd8 20. Qc6 Na5
21. Bxa5 bxa5 22. Qb7 Bb4 23. Qxa7 Ne7 24. Rc2 Nd5 25. Qb7 Qe7 26. Qc6 Nb6 27. Ra1 h6 28. Qe4 Nd5 29. Nf4 Nc3 30. Qc6 Nd5
31. Nxd5 exd5 32. Qb7 f6 33. Rac1 fxe5 34. Rxc7 Rxc7 35. Rxc7 Qf6 36. dxe5 Qg6 37. b6 d4 38. Rc8 Rxc8 39. Qxc8+ Kh7 40. b7 Qb1+
41. Kh2 Qe4 42. b8=Q Qf4+ 43. g3 Qxf3 44. Qg8+ Kg6 45. Qbe8+
1-0

[Event "french defence"]
[Site "SchemingMind.com"]
[Date "2006.01.09"]
[Round "-"]
[White "mikhailtal"]
[Black "Erhaem"]
[Result "0-1"]
[WhiteCountry "ENG"]
[BlackCountry "NED"]
[WhiteElo "1791"]
[WhiteRD "61"]
[BlackElo "1988"]
[BlackRD "55"]
[GameID "35273"]

1. e4 e6 2. d4 d5 3. Nc3 Bb4 4. e5 c5 5. a3 Bxc3+ 6. bxc3 Ne7 7. Qg4 O-O 8. Bd3 Nbc6 9. Qh5 Ng6 10. Nf3 Qc7
11. Be3 c4 12. Bxg6 fxg6 13. Qg4 Qf7 14. h4 Qf5 15. Qxf5 exf5 16. h5 gxh5 17. Rxh5 f4 18. Bd2 Nd8 19. Ke2 Bf5 20. Kd1 Ne6
21. Nh2 g6 22. Rh4 b5 23. Ng4 Bxg4+ 24. Rxg4 g5 25. a4 h5
0-1

[Event "french defence"]
[Site "SchemingMind.com"]
[Date "2006.01.08"]
[Round "-"]
[White "sythymesnos"]
[Black "mikhailtal"]
[Result "1-0"]
[WhiteCountry "FRA"]
[BlackCountry "ENG"]
[WhiteElo "1910"]
[WhiteRD "67"]
[BlackElo "1791"]
[BlackRD "61"]
[GameID "35465"]

1. e4 e6 2. d4 d5 3. e5 c5 4. c3 Nc6 5. Nf3 Qb6 6. a3 a5 7. Bd3 Bd7 8. Bc2 cxd4 9. cxd4 Nge7 10. O-O Nf5
11. Bxf5 exf5 12. Nc3 Be6 13. Rb1 Be7 14. Be3 O-O 15. Ne2 Qc7 16. Nf4 Rfc8 17. Rc1 b5 18. Ng5 Bxg5 19. Nxe6 fxe6 20. Bxg5 Qb6
21. Rc5 Ra7 22. Qc2 h6 23. Be3 Rac7 24. Rc1 Kf8 25. Qd3 Na7 26. b4 axb4 27. axb4 Ke8 28. g4 Nc6 29. Rxb5 Qa6 30. Qf1 fxg4
31. Ra1
1-0

[Event "french defence"]
[Site "SchemingMind.com"]
[Date "2006.01.08"]
[Round "-"]
[White "sythymesnos"]
[Black "Erhaem"]
[Result "0-1"]
[WhiteCountry "FRA"]
[BlackCountry "NED"]
[WhiteElo "1835"]
[WhiteRD "60"]
[BlackElo "2032"]
[BlackRD "51"]
[GameID "35466"]

1. e4 e6 2. d4 d5 3. e5 c5 4. c3 Nc6 5. Nf3 Bd7 6. a3 c4 7. Nbd2 Na5 8. b4 Nc6 9. Be2 Nh6 10. Nf1 Nf5
11. Ng3 Be7 12. Nxf5 exf5 13. O-O b5 14. Be3 a5 15. Nd2 O-O 16. f4 Re8 17. Rf3 Qc7 18. Rh3 Be6 19. Nf3 Ra6 20. Ng5 Bxg5
21. fxg5 f4 22. Bxf4 Bxh3 23. gxh3 Qa7
0-1

[Event "french defence"]
[Site "SchemingMind.com"]
[Date "2006.01.09"]
[Round "-"]
[White "mikhailtal"]
[Black "sythymesnos"]
[Result "0-1"]
[WhiteCountry "ENG"]
[BlackCountry "FRA"]
[WhiteElo "1825"]
[WhiteRD "66"]
[BlackElo "1894"]
[BlackRD "68"]
[GameID "35467"]

1. e4 e6 2. d4 d5 3. Nc3 Bb4 4. e5 c5 5. a3 cxd4 6. Qxd4 Nc6 7. Bb5 Ba5 8. b4 Bb6 9. Bxc6+ bxc6 10. Qd3 a5
11. Rb1 Qh4 12. Nh3 Ba6 13. b5 cxb5 14. Nxb5 Nh6 15. Bxh6 gxh6 16. Nd6+ Kd7 17. Qf3 Bd4 18. Qxf7+ Kc6 19. Kd2 Rhf8 20. Qxe6 Rxf2+
21. Kc1 Be3+ 22. Kb2 Qd4+ 23. Ka2 Rxc2+ 24. Kb3 a4+ 25. Kxc2 Qd2#
0-1

[Event "french defence"]
[Site "SchemingMind.com"]
[Date "2006.01.07"]
[Round "-"]
[White "Erhaem"]
[Black "sythymesnos"]
[Result "1-0"]
[WhiteCountry "NED"]
[BlackCountry "FRA"]
[WhiteElo "2032"]
[WhiteRD "51"]
[BlackElo "1835"]
[BlackRD "60"]
[GameID "35468"]

1. e4 e6 2. d4 d5 3. Nd2 c5 4. exd5 exd5 5. Ngf3 Nf6 6. Bb5+ Bd7 7. Bxd7+ Nbxd7 8. O-O Be7 9. dxc5 Nxc5 10. Re1 O-O
11. Nf1 Nce4 12. Nd4 Qb6 13. c3 Bd6 14. f3 Nc5 15. Bg5 Nfd7 16. Be3 Qxb2 17. Nf5 Bc7 18. Bxc5 Nxc5 19. Qd4 f6 20. Rab1 Qxa2
21. Qxc5 Bb6 22. Rxb6 axb6 23. Qc7 Rf7 24. Re7 d4 25. c4 Raf8 26. Rxf7 Rxf7 27. Qc8+ Rf8 28. Qd7 Qxc4 29. Qxg7#
1-0

[Event "french defence"]
[Site "SchemingMind.com"]
[Date "2006.01.09"]
[Round "-"]
[White "Nitehawk"]
[Black "sythymesnos"]
[Result "1-0"]
[WhiteCountry "ENG"]
[BlackCountry "FRA"]
[WhiteElo "2086"]
[WhiteRD "87"]
[BlackElo "1910"]
[BlackRD "67"]
[GameID "35681"]

1. e4 e6 2. d4 d5 3. e5 c5 4. c3 Nc6 5. Nf3 Qb6 6. a3 a5 7. Bd3 Bd7 8. dxc5 Bxc5 9. O-O Nge7 10. a4 Ng6
11. Qe2 Qc7 12. Bxg6 hxg6 13. Bg5 Nxe5 14. Nxe5 f6 15. Bf4 Bd6 16. Nxg6 Bxf4 17. Nxh8 Bxh2+ 18. Kh1 O-O-O 19. Ng6 Be8 20. f4 Bxg6
21. Qxe6+ Kb8 22. Kxh2 Rh8+ 23. Kg3 Re8 24. Qxd5
1-0

[Event "french defence"]
[Site "SchemingMind.com"]
[Date "2006.01.09"]
[Round "-"]
[White "Nitehawk"]
[Black "mikhailtal"]
[Result "1-0"]
[WhiteCountry "ENG"]
[BlackCountry "ENG"]
[WhiteElo "2086"]
[WhiteRD "87"]
[BlackElo "1791"]
[BlackRD "61"]
[GameID "35682"]

1. e4 e6 2. d4 d5 3. Nd2 Nf6 4. e5 Nfd7 5. Ngf3 c5 6. c3 Nc6 7. Bd3 Be7 8. O-O a5 9. Re1 Qb6 10. dxc5 Bxc5
11. Qe2 a4 12. b4 axb3 13. Nxb3 Be7 14. Bf4 Nc5 15. Be3 Na5 16. Nxc5 Bxc5 17. Rab1 Qc7 18. Bb5+ Kf8 19. Bd4 b6 20. Rec1 g6
21. c4 Bb7 22. cxd5 Bxd5 23. Qe3 Bxd4 24. Qh6+
1-0

[Event "french defence"]
[Site "SchemingMind.com"]
[Date "2006.01.09"]
[Round "-"]
[White "Nitehawk"]
[Black "Erhaem"]
[Result "1-0"]
[WhiteCountry "ENG"]
[BlackCountry "NED"]
[WhiteElo "2086"]
[WhiteRD "87"]
[BlackElo "1988"]
[BlackRD "55"]
[GameID "35683"]

1. e4 e6 2. d4 d5 3. Nc3 Bb4 4. e5 c5 5. Bd2 Ne7 6. a3 Bxc3 7. Bxc3 Nbc6 8. Nf3 cxd4 9. Bxd4 Nf5 10. c3 Nfxd4
11. cxd4 O-O 12. Be2 f6 13. O-O fxe5 14. dxe5 Qe8 15. Re1 Bd7 16. Bd3 Qh5 17. Rc1 Rad8 18. b4 a6 19. Re3 Rf4 20. g3 Rf7
21. Ne1 Qg5 22. Ng2 Be8 23. f4 Qh6 24. Rc5 b6 25. Rc1 a5 26. b5 Na7 27. a4 Rf8= 28. Bf1 Bg6 29. Rec3 Rd7 30. Qd4 Rb7
31. Rc7 Rf7 32. Rxb7 Rxb7 33. Rc6 Nxc6 34. bxc6 Rb8 35. Ba6 Rf8 36. c7 Be4 37. Qxb6 Bxg2 38. Kxg2 Qg6 39. Kg1 Qg4 40. Qc6 Kf7
41. Kg2 Qf5 42. Qd7+ Kg8 43. c8=Q Rxc8 44. Bxc8
1-0

[Event "french defence"]
[Site "SchemingMind.com"]
[Date "2006.01.09"]
[Round "-"]
[White "sythymesnos"]
[Black "Nitehawk"]
[Result "0-1"]
[WhiteCountry "FRA"]
[BlackCountry "ENG"]
[WhiteElo "1835"]
[WhiteRD "60"]
[BlackElo "2069"]
[BlackRD "85"]
[GameID "35684"]

1. e4 e6 2. d4 d5 3. e5 c5 4. c3 Nc6 5. Nf3 Bd7 6. a3 f6 7. exf6 Nxf6 8. b4 cxd4 9. Nxd4 Nxd4 10. Qxd4 Bd6
11. Bd3 O-O 12. O-O e5 13. Qh4 Qe8 14. f3 Rc8 15. Bg5 e4 16. fxe4 Nxe4 17. Rxf8+ Bxf8 18. Bf4 Be7 19. Qe1 Bf6 20. Bd2 Nxd2
21. Qxd2 d4 22. c4 Qe3+ 23. Qxe3 dxe3 24. Ra2 Rd8 25. Be4 Be6
0-1

[Event "french defence"]
[Site "SchemingMind.com"]
[Date "2006.01.10"]
[Round "-"]
[White "mikhailtal"]
[Black "Nitehawk"]
[Result "0-1"]
[WhiteCountry "ENG"]
[BlackCountry "ENG"]
[WhiteElo "1791"]
[WhiteRD "61"]
[BlackElo "2086"]
[BlackRD "87"]
[GameID "35685"]

1. e4 e6 2. d4 d5 3. exd5 exd5 4. Bd3 Nc6 5. c3 Bd6 6. Nf3 Nge7 7. Bg5 f6 8. Bh4 Bf5 9. O-O Qd7 10. Bg3 Bxg3
11. fxg3 O-O-O 12. a4 Bxd3 13. Qxd3 Rde8 14. Na3 h5 15. b4 Nf5 16. Nc2 Nd6 17. Nd2 h4 18. a5 h3 19. gxh3 Qxh3 20. Rf2 a6
21. c4 dxc4 22. Nxc4 Ne4 23. Re2 Ng5 24. d5 Ne5 25. Nxe5 fxe5 26. d6 Rd8 27. Qe3 Qh5 28. Rf1 Rxd6 29. Ref2 Nh3+
0-1

[Event "french defence"]
[Site "SchemingMind.com"]
[Date "2006.01.09"]
[Round "-"]
[White "Erhaem"]
[Black "Nitehawk"]
[Result "1/2-1/2"]
[WhiteCountry "NED"]
[BlackCountry "ENG"]
[WhiteElo "1976"]
[WhiteRD "62"]
[BlackElo "2037"]
[BlackRD "90"]
[GameID "35686"]

1. e4 e6 2. d4 d5 3. Nc3 Nf6 4. Bg5 Be7 5. Bxf6 Bxf6 6. Nf3 O-O 7. Bd3 dxe4 8. Bxe4 c5 9. dxc5 Qa5 10. Qd3 g6
11. O-O Qxc5 12. Rfd1 Nc6 13. Qb5 Qxb5 14. Nxb5 a6 15. Nd6 Bxb2 16. Rab1 Ba3 17. Nxb7 Bxb7 18. Rxb7 Rad8 19. Rxd8 Rxd8 20. Kf1 Rc8
21. h4 Nb4 22. Ng5 f5 23. Bd3=
1/2-1/2

[Event "french defence"]
[Site "SchemingMind.com"]
[Date "2006.01.10"]
[Round "-"]
[White "paddyBosnian"]
[Black "sythymesnos"]
[Result "1-0"]
[WhiteCountry "BIH"]
[BlackCountry "FRA"]
[WhiteElo "1798"]
[WhiteRD "79"]
[BlackElo "1750"]
[BlackRD "61"]
[GameID "35775"]

1. e4 e6 2. d4 d5 3. Nc3 Bb4 4. e5 c5 5. a3 cxd4 6. axb4 dxc3 7. Nf3 cxb2 8. Bxb2 Bd7 9. Bd3 Ne7 10. h4 Nbc6
11. Qd2 Qb6 12. O-O Nxb4 13. Bd4 Qc7 14. Qxb4 Nc6 15. Qd6 Qxd6 16. exd6 Nxd4 17. Nxd4 Bc6 18. Rfb1 Kd7 19. c4 Kxd6 20. cxd5 Bxd5
21. Nb5+ Ke7 22. Rxa7 Rxa7 23. Nxa7 h6 24. Nb5 Rc8 25. Nd4 Kf6 26. Be2 Ke5 27. Nf3+ Kf6 28. Kh2 Rc2 29. Ng1 Ke5= 30. Kg3 Rc3+
31. Bf3 Rb3= 32. Rxb3 Bxb3 33. Bxb7 g5 34. Nf3+ Kf6 35. Be4 Bd1 36. Bh7 Kg7 37. Bd3 Kf6 38. hxg5+ hxg5 39. Kg4 e5 40. Kg3 Ba4
41. Nd2 Kg7 42. Kg4 f6 43. Bf5 Kh6= 44. Ne4 Kg7 45. Kf3 Bc6 46. Ke3 Ba8 47. g4 Bc6 48. Kd3 Bb5+ 49. Kc3 Ba6 50. Kb4 Bf1
51. Kc5 Kf7 52. Kd6 Bd3 53. Nxg5+ fxg5 54. Bxd3 Kf6 55. Be4 Kg7 56. Kxe5 Kh6 57. Kf5 Kg7 58. Kxg5 Kf7 59. f4 Kg7 60. f5 Kh8
61. Kh6 Kg8 62. f6 Kf8 63. g5 Kg8 64. g6 Kh8 65. g7+ Kg8 66. Bd5#
1-0

[Event "french defence"]
[Site "SchemingMind.com"]
[Date "2006.01.10"]
[Round "-"]
[White "paddyBosnian"]
[Black "mikhailtal"]
[Result "0-1"]
[WhiteCountry "BIH"]
[BlackCountry "ENG"]
[WhiteElo "1810"]
[WhiteRD "75"]
[BlackElo "1791"]
[BlackRD "61"]
[GameID "35776"]

1. e4 e6 2. d4 d5 3. Nc3 Bb4 4. e5 c5 5. a3 Ba5 6. b4 cxd4 7. Qg4 Ne7 8. bxa5 dxc3 9. Qxg7 Rg8 10. Qxh7 Qxa5
11. Ne2 Nbc6 12. Bf4 Bd7 13. Ng3 O-O-O 14. Qd3 Kb8 15. Be2 Ng6 16. Be3 Ngxe5 17. Bf4 Ka8 18. Qb5 Qxb5 19. Bxb5 a6 20. Bxc6 Nxc6
21. Nh5 e5 22. Bc1 Bf5 23. Ra2 Nd4 24. Ng3 Bxc2 25. Be3 Bb3
0-1

[Event "french defence"]
[Site "SchemingMind.com"]
[Date "2006.01.10"]
[Round "-"]
[White "paddyBosnian"]
[Black "Nitehawk"]
[Result "1-0"]
[WhiteCountry "BIH"]
[BlackCountry "ENG"]
[WhiteElo "1835"]
[WhiteRD "74"]
[BlackElo "2069"]
[BlackRD "85"]
[GameID "35777"]

1. e4 e6 2. d4 d5 3. Nc3 Bb4 4. e5 c5 5. a3 Bxc3+ 6. bxc3 Qc7 7. Qg4 f5 8. Qg3 cxd4 9. cxd4 Ne7 10. Bd2 O-O
11. Nh3 Nbc6 12. c3 Ng6 13. Be2 Na5 14. O-O Nb3 15. Bg5 Nxa1 16. Rxa1 Bd7 17. Bh5 Be8 18. Bxg6 Bxg6 19. Nf4 Qf7 20. h4 Rfc8
21. Kh2 Rc4 22. Rd1 Rac8 23. Rd3 Qe8 24. Qf3 h6 25. Nxg6 Qxg6 26. Bd2 Rf8 27. Qf4 Qg4 28. Qe3 Qxh4+ 29. Kg1 Qe7 30. Qh3 Kh7
31. Rg3 b5 32. Bf4 Ra4 33. Rg5 Rxa3 34. Rh5 Ra1+ 35. Kh2 a5 36. Bxh6 Kg6 37. Rg5+ Qxg5 38. Bxg5 Kxg5 39. Qh7 Rf7 40. f4+ Kxf4
41. Qg6
1-0

[Event "french defence"]
[Site "SchemingMind.com"]
[Date "2006.01.10"]
[Round "-"]
[White "paddyBosnian"]
[Black "Erhaem"]
[Result "0-1"]
[WhiteCountry "BIH"]
[BlackCountry "NED"]
[WhiteElo "1810"]
[WhiteRD "75"]
[BlackElo "1988"]
[BlackRD "55"]
[GameID "35778"]

1. e4 e6 2. d4 d5 3. Nc3 Bb4 4. e5 c5 5. a3 Bxc3+ 6. bxc3 Ne7 7. Qg4 O-O 8. Bd3 Nbc6 9. Nf3 f5 10. exf6 Rxf6
11. Qg3 c4 12. Bg5 Rxf3 13. Bxh7+ Kxh7 14. Qh4+ Kg8 15. gxf3 Qa5 16. O-O Nf5 17. Qh5 Bd7 18. Bd2 Ncxd4 19. cxd4 Qxd2 20. Rab1 b5
21. Kh1 Qxc2 22. Rg1 Qxf2 23. Rg2 Qxd4 24. Rbg1 Qe3 25. Rg6 Be8
0-1

[Event "french defence"]
[Site "SchemingMind.com"]
[Date "2006.01.10"]
[Round "-"]
[White "sythymesnos"]
[Black "paddyBosnian"]
[Result "1/2-1/2"]
[WhiteCountry "FRA"]
[BlackCountry "BIH"]
[WhiteElo "1835"]
[WhiteRD "60"]
[BlackElo "1835"]
[BlackRD "74"]
[GameID "35779"]

1. e4 e6 2. d4 d5 3. e5 c5 4. c3 Nc6 5. Nf3 Qb6 6. a3 Bd7 7. b4 cxd4 8. cxd4 Rc8 9. Be3 Nh6 10. Bd3 Nf5
11. Bxf5 exf5 12. Qb3 Be6 13. Nc3 Na5 14. Qa4+ Bd7 15. Nxd5 Bxa4 16. Nxb6 axb6 17. bxa5 bxa5 18. O-O Rc3 19. Bd2 Rc6 20. Bxa5 g6
21. Rfc1 Bh6 22. Rxc6 Bxc6 23. Bb4 Kd7=
1/2-1/2

[Event "french defence"]
[Site "SchemingMind.com"]
[Date "2006.01.11"]
[Round "-"]
[White "mikhailtal"]
[Black "paddyBosnian"]
[Result "0-1"]
[WhiteCountry "ENG"]
[BlackCountry "BIH"]
[WhiteElo "1751"]
[WhiteRD "63"]
[BlackElo "1835"]
[BlackRD "74"]
[GameID "35780"]

1. e4 e6 2. d4 d5 3. Nc3 Nf6 4. e5 Nfd7 5. f4 c5 6. Nf3 Nc6 7. Be3 a6 8. Qd2 cxd4 9. Nxd4 Bb4 10. Be2 Nc5
11. Bf3 Bd7 12. a3 Qa5 13. Nde2 Rd8 14. O-O Bxc3 15. Nxc3 d4 16. Bxd4 Nxd4 17. Qxd4 O-O 18. Qe3 Qc7 19. b4 Na4 20. Nxa4 Bxa4
21. Be4 Rd7 22. Bd3 g6 23. Rf3 Qc3 24. Qe1 Qd4+ 25. Kh1 Rc8 26. c4 Rcd8 27. h3 Bc6 28. Re3 Qxf4 29. Be4 Ba4 30. Qg3 Rd1+
31. Rxd1 Rxd1+ 32. Kh2 Qf1 33. Qf3 Qg1+ 34. Kg3 Rf1 35. Qe2 h5 36. Bxb7 g5 37. Rf3 Rxf3+ 38. Bxf3 h4+ 39. Kg4 Qc1 40. Qe4 Bc2
41. Qd4 Kg7 42. g3 Bf5+ 43. Kh5 g4
0-1

[Event "french defence"]
[Site "SchemingMind.com"]
[Date "2006.01.11"]
[Round "-"]
[White "Nitehawk"]
[Black "paddyBosnian"]
[Result "1-0"]
[WhiteCountry "ENG"]
[BlackCountry "BIH"]
[WhiteElo "2069"]
[WhiteRD "85"]
[BlackElo "1835"]
[BlackRD "74"]
[GameID "35781"]

1. e4 e6 2. d4 d5 3. exd5 exd5 4. Nf3 Nf6 5. Bd3 c5 6. O-O c4 7. Re1+ Be7 8. Be2 O-O 9. c3 Nc6 10. b3 b5
11. a4 b4 12. bxc4 Ne4 13. cxd5 Qxd5 14. c4 Qd8 15. Bd3 Nf6 16. Bb2 Bg4 17. Nbd2 Re8 18. d5 Nb8 19. h3 Bh5 20. Bxf6 Bxf6
21. Rxe8+ Qxe8 22. Rc1 Nd7 23. c5 Bc3 24. Bb5 Qc8 25. Bxd7 Qxd7 26. Ne4 Re8 27. Nxc3 Bxf3 28. Qxf3 bxc3 29. Rxc3 Qxa4 30. c6 Qb4
31. c7
1-0

[Event "french defence"]
[Site "SchemingMind.com"]
[Date "2006.01.10"]
[Round "-"]
[White "Erhaem"]
[Black "paddyBosnian"]
[Result "1-0"]
[WhiteCountry "NED"]
[BlackCountry "BIH"]
[WhiteElo "1988"]
[WhiteRD "55"]
[BlackElo "1810"]
[BlackRD "75"]
[GameID "35782"]

1. e4 e6 2. d4 d5 3. Nc3 Nf6 4. Bg5 Be7 5. Bxf6 Bxf6 6. Nf3 c5 7. exd5 exd5 8. Bb5+ Nc6 9. O-O O-O 10. dxc5 Bxc3
11. bxc3 Bg4 12. h3 Bh5 13. Re1 Qa5 14. Bxc6 bxc6 15. g4 Bg6 16. Qd4 f6 17. Re6 Qc7 18. Qa4 Be4 19. Nd2 Rfe8 20. Rxc6 Qf4
21. Qd4 Rac8 22. Rxc8 Rxc8 23. Re1 Qc7 24. Nxe4 dxe4 25. Rxe4 Rd8 26. Qc4+ Kf8 27. c6 Rd2 28. Qb4+
1-0

[Event "french defence"]
[Site "SchemingMind.com"]
[Date "2006.01.10"]
[Round "-"]
[White "njet"]
[Black "sythymesnos"]
[Result "1-0"]
[WhiteCountry "RUS"]
[BlackCountry "FRA"]
[WhiteElo "2071"]
[WhiteRD "80"]
[BlackElo "1835"]
[BlackRD "60"]
[GameID "35783"]

1. e4 e6 2. d4 d5 3. Nc3 Bb4 4. e5 c5 5. a3 cxd4 6. axb4 dxc3 7. Nf3 cxb2 8. Bxb2 Bd7 9. Bd3 Ne7 10. O-O O-O
11. Bxh7+ Kh8 12. Bd3 g6 13. Qd2 Kg7 14. Qf4 Nc8 15. Ng5 Qe7 16. b5 f6 17. exf6+ Rxf6 18. Qg3 Nd6 19. Nxe6+ Bxe6 20. Qxg6+
1-0

[Event "french defence"]
[Site "SchemingMind.com"]
[Date "2006.01.10"]
[Round "-"]
[White "njet"]
[Black "mikhailtal"]
[Result "1-0"]
[WhiteCountry "RUS"]
[BlackCountry "ENG"]
[WhiteElo "2040"]
[WhiteRD "94"]
[BlackElo "1791"]
[BlackRD "61"]
[GameID "35784"]

1. e4 e6 2. d4 d5 3. Nc3 Bb4 4. e5 c5 5. a3 Bxc3+ 6. bxc3 Ne7 7. Qg4 Kf8 8. a4 Qc7 9. Qd1 Nbc6 10. Nf3 Bd7
11. Ba3 c4 12. Be2 h6 13. O-O Kg8 14. Qd2 Kh7 15. a5 b6 16. Bd6 Qb7 17. Rfb1 Nc8 18. a6
1-0

[Event "french defence"]
[Site "SchemingMind.com"]
[Date "2006.01.10"]
[Round "-"]
[White "njet"]
[Black "Nitehawk"]
[Result "1/2-1/2"]
[WhiteCountry "RUS"]
[BlackCountry "ENG"]
[WhiteElo "2071"]
[WhiteRD "80"]
[BlackElo "2069"]
[BlackRD "85"]
[GameID "35785"]

1. e4 e6 2. d4 d5 3. Nd2 c5 4. Ngf3 Nc6 5. exd5 exd5 6. Bb5 Bd6 7. dxc5 Bxc5 8. Nb3 Bd6 9. Bg5 f6 10. Be3 Ne7
11. c3 O-O 12. O-O Qc7 13. h3 Bd7 14. Re1 Rae8 15. Bc5 a6 16. Bxd6 Qxd6 17. Bd3 Ne5 18. Nfd4 N7g6 19. Nf5 Qb6 20. Bc2 Bxf5
21. Bxf5 Ne7 22. Bc2 Qd6 23. Nd4 N7c6 24. Nf5 Qd7 25. f4 Nc4 26. Qg4 Kh8 27. Qh4 Rxe1+ 28. Rxe1 g6 29. Ne3 Qf7 30. Nxc4 dxc4
31. b3 Kg7 32. b4 b5 33. Be4 Ne7 34. Qf2 Nc8 35. Rd1 Qc7= 36. Bc2 Rf7 37. a4=
1/2-1/2

[Event "french defence"]
[Site "SchemingMind.com"]
[Date "2006.01.10"]
[Round "-"]
[White "njet"]
[Black "Erhaem"]
[Result "1-0"]
[WhiteCountry "RUS"]
[BlackCountry "NED"]
[WhiteElo "2040"]
[WhiteRD "94"]
[BlackElo "1988"]
[BlackRD "55"]
[GameID "35786"]

1. e4 e6 2. d4 d5 3. Nc3 Bb4 4. e5 c5 5. a3 Bxc3+ 6. bxc3 Ne7 7. Qg4 O-O 8. Bd3 Nbc6 9. Qh5 g6 10. Qh4 Qa5
11. Bd2 c4 12. Be2 Qa4 13. g4 Qxc2 14. Rc1 g5 15. Bxg5 Qe4 16. f3 Qg6 17. Nh3 b6 18. Nf4 Qg7 19. Nh5 Qg6 20. Bd1 f5
21. Bxe7 Nxe7 22. Qxe7 Rf7 23. Nf6+ Kg7 24. Qe8 Rf8 25. Qc6 Ba6 26. Qxe6 Qxf6 27. exf6+
1-0

[Event "french defence"]
[Site "SchemingMind.com"]
[Date "2006.01.10"]
[Round "-"]
[White "njet"]
[Black "paddyBosnian"]
[Result "1-0"]
[WhiteCountry "RUS"]
[BlackCountry "BIH"]
[WhiteElo "2040"]
[WhiteRD "94"]
[BlackElo "1810"]
[BlackRD "75"]
[GameID "35787"]

1. e4 e6 2. d4 d5 3. Nc3 Nf6 4. Bg5 Bb4 5. e5 h6 6. Bd2 Bxc3 7. bxc3 Nfd7 8. Qg4 g5 9. h4 h5 10. Qxg5 b6
11. Qg7 Rf8 12. Bg5 f6 13. Be2 Qe7 14. Bxh5+ Kd8 15. Bh6 Qxg7 16. Bxg7 Rg8 17. exf6
1-0

[Event "french defence"]
[Site "SchemingMind.com"]
[Date "2006.01.10"]
[Round "-"]
[White "sythymesnos"]
[Black "njet"]
[Result "0-1"]
[WhiteCountry "FRA"]
[BlackCountry "RUS"]
[WhiteElo "1835"]
[WhiteRD "60"]
[BlackElo "2071"]
[BlackRD "80"]
[GameID "35788"]

1. e4 e6 2. d4 d5 3. e5 c5 4. c3 Nc6 5. Nf3 Bd7 6. a3 f6 7. exf6 Nxf6 8. Be3 Qb6 9. b4 cxd4 10. Nxd4 e5
11. Ne6 d4 12. Nxf8 dxe3 13. Nxd7 exf2+ 14. Kd2 O-O-O 15. Qe2 Rxd7+ 16. Kc2 Nd5 17. Nd2 Nxc3 18. Qc4 Nd5 19. Kc1 Qe3 20. Qe2 Qc3+
21. Kb1 Ne3 22. Ra2 Rhd8 23. Qxf2 Rxd2 24. Rxd2 Rxd2 25. Qf8+ Kc7 26. Qf7+ Kb6 27. Qa2 Rd1#
0-1

[Event "french defence"]
[Site "SchemingMind.com"]
[Date "2006.01.11"]
[Round "-"]
[White "mikhailtal"]
[Black "njet"]
[Result "0-1"]
[WhiteCountry "ENG"]
[BlackCountry "RUS"]
[WhiteElo "1791"]
[WhiteRD "61"]
[BlackElo "2040"]
[BlackRD "94"]
[GameID "35789"]

1. e4 e6 2. d4 d5 3. Nc3 Bb4 4. e5 c5 5. a3 Bxc3+ 6. bxc3 Ne7 7. Qg4 Qc7 8. Qxg7 Rg8 9. Qxh7 cxd4 10. Ne2 Nbc6
11. f4 dxc3 12. Qd3 Nf5 13. Qxc3 Bd7 14. Rb1 Rc8 15. Bd2 b6 16. Rg1 Qd8 17. Kd1 Ncd4 18. Qd3 Nxc2 19. g4 Ba4 20. Rb3 Na1
21. gxf5 Rxg1 22. Nxg1 Bxb3+ 23. Ke2 Bc4
0-1

[Event "french defence"]
[Site "SchemingMind.com"]
[Date "2006.01.11"]
[Round "-"]
[White "Nitehawk"]
[Black "njet"]
[Result "1/2-1/2"]
[WhiteCountry "ENG"]
[BlackCountry "RUS"]
[WhiteElo "2069"]
[WhiteRD "85"]
[BlackElo "2071"]
[BlackRD "80"]
[GameID "35790"]

1. e4 e6 2. d4 d5 3. Nc3 Bb4 4. e5 c5 5. a3 Bxc3+ 6. bxc3 Ne7 7. Nf3 Bd7 8. Bd3 Ba4 9. O-O c4 10. Be2 Nbc6
11. Ng5 Nf5 12. f4 O-O 13. g4 Nfe7 14. f5 h6 15. Nh3 exf5 16. gxf5 f6 17. e6 Nc8 18. Nf4 N6e7 19. Bg4 Nd6 20. Qe2 Qa5
21. Bb2 Be8 22. Qg2 Rd8 23. Rae1 Kh7 24. Re3 Rg8 25. Nh5 Ne4 26. Bc1 Bxh5 27. Bxh5 g6 28. fxg6+ Nxg6 29. Kh1 Nf4 30. Qf3 Nxh5
31. Qxh5 Rg5 32. Qh4 Rg6 33. Rh3 Rdg8 34. Bxh6 Rg4 35. Qe1 R8g6 36. e7 Qa4 37. Rf4 Kg8 38. Rxg4 Rxg4 39. Rh4 Rxh4 40. Qxh4 Qe8
41. Qg4+ Kf7 42. Qh5+ Kxe7 43. Qxd5 Qc6 44. Qxc6= bxc6 45. Bc1 Nxc3=
1/2-1/2

[Event "french defence"]
[Site "SchemingMind.com"]
[Date "2006.01.10"]
[Round "-"]
[White "Erhaem"]
[Black "njet"]
[Result "1-0"]
[WhiteCountry "NED"]
[BlackCountry "RUS"]
[WhiteElo "2032"]
[WhiteRD "51"]
[BlackElo "2071"]
[BlackRD "80"]
[GameID "35791"]

1. e4 e6 2. d4 d5 3. Nc3 Bb4 4. e5 c5 5. a3 Bxc3+ 6. bxc3 Ne7 7. Qg4 Qc7 8. Qxg7 Rg8 9. Qxh7 cxd4 10. Ne2 Nbc6
11. f4 dxc3 12. Qd3 Nf5 13. Nxc3 Ncd4 14. a4 Bd7 15. a5 Rc8 16. Bd2 Qc4 17. Rb1 Bc6 18. Rb2 Qxd3 19. cxd3 Rh8 20. Kf2 Rg8
21. g3 Kf8 22. Ne2 Nxe2 23. Bxe2 Nd4 24. Bb4+ Kg7 25. Bc5 Nxe2= 26. Kxe2 a6 27. Bd4 Bb5 28. g4 Kh7 29. h3 Rc6 30. Kd2 Kg7
31. h4 Kh6 32. Rg1 Rgc8 33. f5 R6c7 34. fxe6 fxe6 35. Rf1 Rg7 36. Rf6+ Rg6 37. h5 Rxf6 38. exf6 Kg5 39. Rb4 Rc7 40. Be3+ Kxf6
41. g5+
1-0

[Event "french defence"]
[Site "SchemingMind.com"]
[Date "2006.01.10"]
[Round "-"]
[White "paddyBosnian"]
[Black "njet"]
[Result "0-1"]
[WhiteCountry "BIH"]
[BlackCountry "RUS"]
[WhiteElo "1835"]
[WhiteRD "74"]
[BlackElo "2071"]
[BlackRD "80"]
[GameID "35792"]

1. e4 e6 2. d4 d5 3. Nc3 Bb4 4. e5 c5 5. a3 Bxc3+ 6. bxc3 Ne7 7. Qg4 Qc7 8. Qxg7 Rg8 9. Qxh7 cxd4 10. Ne2 Nbc6
11. h4 dxc3 12. f4 d4 13. Rh3 Rb8 14. Rg3 Rf8 15. a4 Qa5 16. Rg7 b5 17. Ng3 Nb4 18. Nh5 Nf5 19. Nf6+ Ke7 20. Ba3 bxa4
21. Ng8+ Kd8 22. Bxb4 Qxb4 23. Rxf7 Ne3 24. Rxf8+ Qxf8 25. Rxa4 Nxc2+ 26. Qxc2 Qxf4 27. Be2 Qxh4+ 28. Kf1 Bd7 29. Nf6 Bxa4 30. Qxa4= Rb1+
31. Bd1 Qf4+ 32. Kg1 Qe3+ 33. Kh1 Qe1+ 34. Kh2 Qxe5+ 35. Kh3 Qxf6 36. Qa5+ Ke8 37. Ba4+ Kf8 38. Qc5+ Kg8 39. Qc8+ Kg7 40. Qc7+ Kh6
41. Bc2 Rh1+
0-1